00515 2200217 4500001002100000005001500021035002000036245004700056100001900103300002800122260003100150082000800181084001400189020002200203990001200225990001200237990001200249990001200261990001200273990001200285INLIS00000000000311120251015015504 a0010-10250000151 aX-Press TKA SMA/MA Kimia /cIka Stri Ratna0 aIka Stri Ratna a170 hlm ;c21 x 25,5 cm aJakarta :bErlangga,c2025 a540 a540 IKA x a978-623-522-753-5 a0755713 a0755714 a0755715 a0755716 a0755717 a0755718